000 01035cam a2200325 i 4500
001 200465098
003 TR-AnTOB
005 20250818160403.0
007 ta
008 250818s2012 a tur
020 _a9786053332909
040 _aTR-AnTOB
_beng
_erda
_cTR-AnTOB
041 1 _atur
_heng
050 1 _aQB601
090 _aJUN QB601
_b.M3719 2012
100 1 _aMarsh, Laura
_eauthor
_9149776
240 1 0 _aNational geographis readers: planets.
_lTurkish.
245 1 0 _aGezegenler /
_cLaura Marsh ; çeviren Derya Dinç.
250 _aDördüncü baskı Eylül 2018
264 1 _aİstanbul :
_bNational Geographic,
_c2012.
300 _a32 pages :
_billustrations, tables ;
_c21 cm
336 _2rdacontent
_atext
_btxt
337 _2rdamedia
_aunmediated
_bn
338 _2rdacarrier
_avolume
_bnc
650 7 _aGezegenler
_vÇocuk edebiyatı
_2etuturkob
_9123671
651 7 _aGüneş sistemi
_9123673
_2etuturkob
700 1 _aDinç, Derya
_etranslator
_9129189
942 _2lcc
_cBK
999 _c200465098
_d83310